Secret Story 10 - Candidats par photo - Statistiques

Statistiques générales
  • Ce quiz a été pris 103 fois
  • Le résultat moyen est 12 sur 16
Statistiques - réponses
Par images Réponse % Correct
Bastien
94%
Mélanie
94%
Darko
91%
Julien
91%
Marvin
89%
Jaja
88%
Sarah
88%
Anaïs
86%
Maéva
85%
Thomas
84%
Manon
82%
Fanny
58%
Sophia
58%
Pierre
53%
Athénaïs
48%
Damien
33%
Aucun quiz correspondant
Distribution des résultats
% des personnes avec chaque résultat
Percentile par nombre de réponses
Votre historique - résultats
Vous n’avez pas pris ce quiz